Cinéma - 8 femmes - Statistiques

Statistiques générales
  • Ce quiz a été pris 24 fois
  • Le résultat moyen est 9 sur 15
Statistiques - réponses
Question Réponse % Correct
Où est planté le couteau qui l'a tué? Dans le dos
91%
Quel secret Suzon est allé dire à son père juste avant son assassinat? Elle est enceinte
82%
Quelle actrice interprète Pierrette, la sœur du défunt? Fanny Ardant
82%
Quel lien de parenté unit Catherine (Ludivine Sagnier) et Suzon (Virginie Ledoyen)? Sœurs
77%
En quelle année est sorti le film? 2002
73%
A quoi jouent Pierrette et Chanel lorsqu'elles se retrouvent la nuit? Aux cartes
73%
De quelle couleur est la robe qu'Augustine emprunte à Gaby? Bleue
73%
Comment s'appelle le personnage interprété par Isabelle Huppert? Augustine
68%
Comment s'appelle l'homme assassiné? Marcel
68%
Quelle chanson est interprétée Louise (Emmanuelle Béart)? Pile ou face
59%
Quelle chanson, interprétée par Mamy (Danielle Darrieux), clôture le film? Il n'y a pas d'amour heureux
41%
Que rapporte Suzon à sa sœur pour Noël? Du chocolat anglais
32%
Qui est l'auteur de la pièce ayant inspiré le film? Robert Thomas
23%
Comment s'appelle l'associé de Marcel et également amant de Gaby (Catherine Deneuve)? Jacques Farnoux
14%
Où Gaby s'apprêtait-elle à partir avec son amant? Mexico
14%
Aucun quiz correspondant
Distribution des résultats
% des personnes avec chaque résultat
Percentile par nombre de réponses
Votre historique - résultats
Vous n’avez pas pris ce quiz